Conocer Goethe y su obra / (Record no. 18507)

MARC details
000 -LEADER
campo de control de longitud fija 00871nam a2200277 i 4500
001 - NÚMERO DE CONTROL
campo de control 18507
003 - IDENTIFICADOR DE NÚMERO DE CONTROL
campo de control ES-MaACL
005 - FECHA Y HORA DE LA ÚLTIMA TRANSACCIÓN
campo de control 20230906151845.0
007 - CAMPO FIJO DE DESCRIPCIÓN FÍSICA--INFORMACIÓN GENERAL
campo de control de longitud fija t|
008 - DATOS DE LONGITUD FIJA--INFORMACIÓN GENERAL
campo de control de longitud fija 020128s1980 sp ||||0| spa j
016 7# - NÚMERO DE CONTROL DE UNA AGENCIA BIBLIOGRÁFICA NACIONAL
Número de control cancelado/no válido SAB9000088074
020 ## - NÚMERO INTERNACIONAL ESTÁNDAR DEL LIBRO
Número Internacional Estándar del Libro 84-7235-442-3
040 ## - FUENTE DE CATALOGACIÓN
Centro catalogador/agencia de origen M-BN-DP
Lengua de catalogación spa
Centro/agencia transcriptor M-BN-DP
080 ## - NÚMERO DE LA CLASIFICACIÓN DECIMAL UNIVERSAL
Número de la Clasificación Decimal Universal 830 Goethe, Johann Wolfgang von 1.06
100 1# - ENTRADA PRINCIPAL--NOMBRE DE PERSONA
Nombre de persona Trías, Eugenio.
9 (RLIN) 111368
245 10 - MENCIÓN DEL TÍTULO
Título Conocer Goethe y su obra /
Mención de responsabilidad, etc. Eugenio Trías.
250 ## - MENCION DE EDICION
Mención de edición [1ª ed.].
260 ## - PUBLICACIÓN, DISTRIBUCIÓN, ETC.
Lugar de publicación, distribución, etc. Barcelona :
Nombre del editor, distribuidor, etc. Dopesa,
Fecha de publicación, distribución, etc. 1980.
300 ## - DESCRIPCIÓN FÍSICA
Extensión 128 p :
Otras características físicas il ;
Dimensiones 19 cm.
490 1# - MENCIÓN DE SERIE
Mención de serie Colección Conocer ;
Designación de volumen o secuencia 35
504 ## - NOTA DE BIBLIOGRAFÍA, ETC.
Nota de bibliografía, etc. Bibliografía: p. 126-128.
600 14 - PUNTO DE ACCESO ADICIONAL DE MATERIA--NOMBRE DE PERSONA
Nombre de persona Goethe, Johann Wolfgang von,
Fechas asociadas al nombre 1749-1832-
Subdivisión general Crítica e interpretación
9 (RLIN) 57571
830 0# - PUNTO DE ACCESO ADICIONAL DE SERIE-TÍTULO UNIFORME
Título uniforme Colección Conocer ;
Designación de volumen o secuencia 35
9 (RLIN) 183371
852 ## - LOCALIZACIÓN
Ubicación ES-MaACL
Número de control de estantería G-1276
Sublocalización o colección R.130947
Holdings
Estatus retirado Estado de pérdida Estado de daño No para préstamo Biblioteca de origen Biblioteca actual Ubicación en estantería Fecha de adquisición Fuente de adquisición Total de préstamos Signatura topográfica completa Código de barras Visto por última vez Precio de reemplazo Tipo de ítem Koha
        Biblioteca del Ateneo de Madrid Biblioteca del Ateneo de Madrid Sala Pecera Planta 3 17/01/2008     G-1276 1018940 23/02/2023 23/02/2023 Libro impreso